Statistiques concernant Focus sur: Mimi Geignarde - Harry Potter

Cliquez ici pour prendre le quiz!

Statistiques générales

  • Ce quiz a été pris 564 fois
  • Le résultat moyen est 6 sur 8

Statistiques - réponses

Informations recherchéesRéponses% Correct
Première apparitionHarry Potter et la Chambre des Secrets
99%
Ecole fréquentéePoudlard
99%
Maison fréquentéeSerdaigle
98%
Lieu de rencontre avec Harry PotterToilettes des filles de Poudlard
97%
EspèceFantôme
95%
Statut du sangNée-Moldue
80%
Véritable identitéMyrtle Elizabeth Warren
30%
Actrice l'interprétant dans les filmsShirley Henderson
18%

Distribution des résultats

Percentile par nombre de réponses

% des personnes avec chaque résultat

Votre développement - résultats

Vous n’avez pas pris ce quiz